[Event "Transnational Rapid"]
[Site "Toronto CAN"]
[Date "2023.06.04"]
[Round "4.5"]
[White "Preotu, Razvan"]
[Black "Szabo, Gergely Andras"]
[Result "1-0"]
[WhiteElo "2475"]
[BlackElo "2504"]
[WhiteFideId "-1"]
[WhiteFideId "-1"]
[PlyCount "95"]
[GameId "2160767907190868"]
[EventDate "2023.06.03"]
[EventType "swiss (rapid)"]
[EventRounds "11"]
[EventCountry "CAN"]
[SourceTitle "The Week in Chess 1492"]
[Source "Mark Crowther"]
[SourceDate "2023.06.12"]
[SourceVersion "1"]
[SourceVersionDate "2023.06.12"]
[SourceQuality "2"]

1. e4 e5 2. Nf3 Nc6 3. Bc4 Nf6 4. d3 Bc5 5. c3 a6 6. O-O Ba7 7. a4 O-O 8. h3 d6 9. Re1 Ne7 10. d4 Ng6 11. Nbd2 c6 12. dxe5 Nxe5 13. Nxe5 dxe5 14. a5 Qe7 15. Bf1 Rd8 16. Qf3 Be6 17. Nc4 Nd7 18. Qg3 f6 19. b4 c5 20. Ba3 Rac8 21. Red1 Nb8 22. Qe3 cxb4 23. Bxb4 Bxe3 24. Bxe7 Rxd1 25. Rxd1 Bxc4 26. Bxc4+ Rxc4 27. Rd8+ Kf7 28. Rxb8 Kxe7 29. Rxb7+ Kd6 30. fxe3 Rxc3 31. Rxg7 Ra3 32. Rxh7 Rxa5 33. Kf2 Ra1 34. Ra7 a5 35. h4 a4 36. Kg3 Ke6 37. h5 a3 38. Kh2 a2 39. h6 Rd1 40. h7 Rd8 41. Rxa2 Kf7 42. Ra7+ Kg6 43. Kg3 Rh8 44. Kg4 Rxh7 45. Rxh7 Kxh7 46. Kf5 Kg7 47. g4 Kf7 48. g5 1-0

[Event "Transnational Rapid"]
[Site "Toronto CAN"]
[Date "2023.06.04"]
[Round "5.2"]
[White "Bruzon Batista, Lazaro"]
[Black "Preotu, Razvan"]
[Result "0-1"]
[WhiteElo "2617"]
[BlackElo "2475"]
[WhiteFideId "-1"]
[WhiteFideId "-1"]
[PlyCount "94"]
[GameId "2160767907190873"]
[EventDate "2023.06.03"]
[EventType "swiss (rapid)"]
[EventRounds "11"]
[EventCountry "CAN"]
[SourceTitle "The Week in Chess 1492"]
[Source "Mark Crowther"]
[SourceDate "2023.06.12"]
[SourceVersion "1"]
[SourceVersionDate "2023.06.12"]
[SourceQuality "2"]

1. c4 c5 2. Nf3 Nf6 3. Nc3 d5 4. cxd5 Nxd5 5. e3 e6 6. Bc4 Nxc3 7. bxc3 Qc7 8. O-O Bd6 9. Qe2 O-O 10. d4 b6 11. e4 Bb7 12. Bd3 Nc6 13. e5 Be7 14. a3 Rfd8 15. Be3 h6 16. Rfd1 Bf8 17. Rac1 cxd4 18. cxd4 Bxa3 19. Rc3 Bb4 20. Rcc1 Qd7 21. Bb1 Ne7 22. Nh4 Nf5 23. Bxf5 exf5 24. Qh5 Qe6 25. Rc7 Be4 26. f3 f4 27. fxe4 fxe3 28. Nf5 Rac8 29. d5 Qg6 30. Qxg6 fxg6 31. Rxc8 Rxc8 32. Nxe3 Rc3 33. Nf1 Bc5+ 34. Kh1 Kf8 35. Nd2 Rd3 36. Rf1+ Ke8 37. Nf3 Re3 38. Nh4 Rxe4 39. Nxg6 Re2 40. h4 Rf2 41. Rd1 a5 42. d6 Re2 43. Rf1 Rf2 44. Rxf2 Bxf2 45. e6 a4 46. Ne5 Bxh4 47. d7+ Ke7 0-1

[Event "Transnational Rapid"]
[Site "Toronto CAN"]
[Date "2023.06.04"]
[Round "6.1"]
[White "Cruz, Cristhian"]
[Black "Preotu, Razvan"]
[Result "1-0"]
[WhiteElo "2522"]
[BlackElo "2475"]
[WhiteFideId "-1"]
[WhiteFideId "-1"]
[PlyCount "67"]
[GameId "2160767907190882"]
[EventDate "2023.06.03"]
[EventType "swiss (rapid)"]
[EventRounds "11"]
[EventCountry "CAN"]
[SourceTitle "The Week in Chess 1492"]
[Source "Mark Crowther"]
[SourceDate "2023.06.12"]
[SourceVersion "1"]
[SourceVersionDate "2023.06.12"]
[SourceQuality "2"]

1. d4 Nf6 2. c4 g6 3. Nc3 d5 4. cxd5 Nxd5 5. Bd2 c5 6. e4 Nxc3 7. Bxc3 cxd4 8. Bxd4 e5 9. Bc3 Qxd1+ 10. Rxd1 Nc6 11. Bb5 Bd7 12. f4 a6 13. Bc4 Bb4 14. Bxb4 Nxb4 15. fxe5 Rc8 16. Bxf7+ Kxf7 17. Rxd7+ Ke6 18. Rd6+ Kxe5 19. Rb6 Nd3+ 20. Kd2 Kxe4 21. Ne2 Rhd8 22. Nc3+ Ke5 23. Kc2 Rd7 24. Rf1 Rcd8 25. a3 Rc8 26. g3 Rcd8 27. h4 Rc8 28. h5 gxh5 29. Rh6 Rcd8 30. Rxh5+ Kd4 31. Rh4+ Kc5 32. Rf6 Ne1+ 33. Kb3 a5 34. Rc4# 1-0

[Event "Transnational Rapid"]
[Site "Toronto CAN"]
[Date "2023.06.04"]
[Round "7.4"]
[White "Preotu, Razvan"]
[Black "Rodrigue-Lemieux, Shawn"]
[Result "0-1"]
[WhiteElo "2475"]
[BlackElo "2469"]
[WhiteFideId "-1"]
[WhiteFideId "-1"]
[PlyCount "113"]
[GameId "2160767907190892"]
[EventDate "2023.06.03"]
[EventType "swiss (rapid)"]
[EventRounds "11"]
[EventCountry "CAN"]
[SourceTitle "The Week in Chess 1492"]
[Source "Mark Crowther"]
[SourceDate "2023.06.12"]
[SourceVersion "1"]
[SourceVersionDate "2023.06.12"]
[SourceQuality "2"]

1. e4 c6 2. Nc3 d5 3. Nf3 Bg4 4. h3 Bxf3 5. Qxf3 Nf6 6. Be2 e6 7. O-O Nbd7 8. d4 dxe4 9. Nxe4 Nxe4 10. Qxe4 Nf6 11. Qd3 Be7 12. c3 O-O 13. Qc2 Qc7 14. Bf3 Rfd8 15. g3 c5 16. dxc5 Bxc5 17. Kg2 Rac8 18. Bg5 Be7 19. Rfd1 Nd5 20. Bxe7 Nxe7 21. h4 Nf5 22. Qe4 b5 23. h5 a5 24. Qb7 Qc5 25. Rd7 Rxd7 26. Qxd7 g6 27. hxg6 hxg6 28. Rh1 b4 29. g4 Nd6 30. Qe7 Qe5 31. Rd1 Nc4 32. b3 Nb2 33. Rd7 Qf4 34. c4 Kg7 35. Qd6 Qxd6 36. Rxd6 a4 37. Be2 Rb8 38. g5 Kf8 39. Kf3 Ke7 40. Rd2 a3 41. c5 Rc8 42. Rc2 Rd8 43. c6 Rc8 44. c7 Kd6 45. Ke4 Rxc7 46. Rxc7 Kxc7 47. Kd4 Kd6 48. f4 Kc6 49. Bf3+ Kb6 50. Be2 Kc6 51. Bf3+ Kb5 52. Be2+ Kb6 53. Bf1 Nd1 54. Be2 Nc3 55. Bd3 Nxa2 56. Kc4 Ka5 57. Kd4 0-1

[Event "Transnational Rapid"]
[Site "Toronto CAN"]
[Date "2023.06.04"]
[Round "8.7"]
[White "Preotu, Razvan"]
[Black "Noritsyn, Nikolay"]
[Result "1-0"]
[WhiteElo "2475"]
[BlackElo "2462"]
[WhiteFideId "-1"]
[WhiteFideId "-1"]
[PlyCount "127"]
[GameId "2160767907199095"]
[EventDate "2023.06.03"]
[EventType "swiss (rapid)"]
[EventRounds "11"]
[EventCountry "CAN"]
[SourceTitle "The Week in Chess 1492"]
[Source "Mark Crowther"]
[SourceDate "2023.06.12"]
[SourceVersion "1"]
[SourceVersionDate "2023.06.12"]
[SourceQuality "2"]

1. e4 c5 2. Nf3 e6 3. c3 Nf6 4. e5 Nd5 5. d4 cxd4 6. cxd4 d6 7. Bc4 Nb6 8. Bd3 Bd7 9. O-O Bc6 10. Nc3 N8d7 11. Qe2 Be7 12. Rd1 Nd5 13. Ne4 dxe5 14. Nxe5 Nxe5 15. dxe5 Qc7 16. Ng3 O-O-O 17. a3 Kb8 18. Bd2 g6 19. b4 Ba4 20. Rdc1 Qd7 21. Ne4 Nf4 22. Bxf4 Qxd3 23. Qxd3 Rxd3 24. Bg5 Bxg5 25. Nxg5 Rd7 26. Ne4 Bc6 27. Nd6 f6 28. Nc4 Bd5 29. exf6 Bxc4 30. Rxc4 Rf8 31. Rf4 Rdf7 32. Rd1 Rxf6 33. Rxf6 Rxf6 34. Rd7 h5 35. Re7 a5 36. bxa5 Ka7 37. h4 Ka6 38. g3 Kxa5 39. Rxb7 e5 40. Re7 Ka4 41. Rxe5 Kxa3 42. f4 Kb4 43. Kf2 Kc4 44. Ke3 Ra6 45. f5 gxf5 46. Rxf5 Rh6 47. Kf4 Rh8 48. Ke5 Kd3 49. Rg5 Ke3 50. Kf6 Kf3 51. Kg7 Ra8 52. Kg6 Rh8 53. Rxh5 Rg8+ 54. Kf5 Rf8+ 55. Kg6 Rg8+ 56. Kf7 Rxg3 57. Rg5 Rh3 58. h5 Kf4 59. Ra5 Rb3 60. h6 Rb7+ 61. Kg6 Kg4 62. Ra6 Kh4 63. h7 Rb8 64. Ra7 1-0

[Event "Transnational Rapid"]
[Site "Toronto CAN"]
[Date "2023.06.04"]
[Round "9.5"]
[White "Bartel, Mateusz"]
[Black "Preotu, Razvan"]
[Result "0-1"]
[WhiteElo "2609"]
[BlackElo "2475"]
[WhiteFideId "-1"]
[WhiteFideId "-1"]
[PlyCount "86"]
[GameId "2160767907199104"]
[EventDate "2023.06.03"]
[EventType "swiss (rapid)"]
[EventRounds "11"]
[EventCountry "CAN"]
[SourceTitle "The Week in Chess 1492"]
[Source "Mark Crowther"]
[SourceDate "2023.06.12"]
[SourceVersion "1"]
[SourceVersionDate "2023.06.12"]
[SourceQuality "2"]

1. e4 c5 2. Nf3 d6 3. Nc3 Nf6 4. e5 dxe5 5. Nxe5 a6 6. g3 Qd6 7. Nf3 Bg4 8. Bg2 Qe6+ 9. Qe2 Qxe2+ 10. Nxe2 Nc6 11. h3 Bf5 12. d3 Nb4 13. Kd1 Rd8 14. Bd2 Nc6 15. Re1 g6 16. g4 Bc8 17. Bc3 Bg7 18. Nd2 O-O 19. Bxc6 bxc6 20. Ng3 Rfe8 21. Nc4 Be6 22. b3 Nd5 23. Bxg7 Kxg7 24. Ne4 Nf4 25. Nxc5 Bxc4 26. bxc4 Nxh3 27. Ke2 e5 28. Rab1 e4 29. Kf1 exd3 30. cxd3 Nf4 31. Re3 Rb8 32. Rb3 Red8 33. Nb7 Rxd3 34. Rbxd3 Nxd3 35. Re7 Kf6 36. Rc7 Ne5 37. c5 Kg5 38. Kg2 Kxg4 39. a4 h5 40. Nd6 h4 41. f3+ Nxf3 42. Rxf7 Rb2+ 43. Kf1 h3 0-1

[Event "Transnational Rapid"]
[Site "Toronto CAN"]
[Date "2023.06.04"]
[Round "10.2"]
[White "Preotu, Razvan"]
[Black "Kantans, Toms"]
[Result "1-0"]
[WhiteElo "2475"]
[BlackElo "2486"]
[WhiteFideId "-1"]
[WhiteFideId "-1"]
[PlyCount "86"]
[GameId "2160767907199110"]
[EventDate "2023.06.03"]
[EventType "swiss (rapid)"]
[EventRounds "11"]
[EventCountry "CAN"]
[SourceTitle "The Week in Chess 1492"]
[Source "Mark Crowther"]
[SourceDate "2023.06.12"]
[SourceVersion "1"]
[SourceVersionDate "2023.06.12"]
[SourceQuality "2"]

1. e4 c5 2. Nf3 Nf6 3. e5 Nd5 4. Nc3 e6 5. Ne4 f5 6. Nc3 Nc6 7. Nb5 a6 8. Nd6+ Bxd6 9. exd6 O-O 10. d4 cxd4 11. Nxd4 b5 12. g3 Bb7 13. Nf3 Qf6 14. Bg2 f4 15. O-O Rac8 16. c3 Na5 17. Qd4 Nc4 18. b3 Nxd6 19. Ba3 Nf5 20. Qa7 Bc6 21. Bxf8 Rxf8 22. Nd4 Nxd4 23. Qxd4 f3 24. Qxf6 Rxf6 25. Bh3 Rh6 26. Bg4 Nf6 27. h3 Rg6 28. Rfe1 h5 29. Bxe6+ dxe6 30. Rxe6 Bd7 31. Rxa6 Bxh3 32. a4 h4 33. axb5 hxg3 34. fxg3 Bg2 35. b6 Rh6 36. R6a4 Rh1+ 37. Kf2 Ng4+ 38. Rxg4 Rxa1 39. b7 Rf1+ 40. Ke3 Re1+ 41. Kd2 Re8 42. Rc4 Bh3 43. g4 Bg2 1-0

[Event "Transnational Rapid"]
[Site "Toronto CAN"]
[Date "2023.06.04"]
[Round "11.3"]
[White "Lenderman, Aleksandr"]
[Black "Preotu, Razvan"]
[Result "0-1"]
[WhiteElo "2566"]
[BlackElo "2475"]
[WhiteFideId "-1"]
[WhiteFideId "-1"]
[PlyCount "82"]
[GameId "2160767907199120"]
[EventDate "2023.06.03"]
[EventType "swiss (rapid)"]
[EventRounds "11"]
[EventCountry "CAN"]
[SourceTitle "The Week in Chess 1492"]
[Source "Mark Crowther"]
[SourceDate "2023.06.12"]
[SourceVersion "1"]
[SourceVersionDate "2023.06.12"]
[SourceQuality "2"]

1. Nf3 c5 2. c3 d5 3. d4 Nf6 4. dxc5 e6 5. Be3 Nc6 6. b4 Be7 7. Nbd2 Ng4 8. Bf4 e5 9. Bg3 e4 10. h3 Nh6 11. Ne5 e3 12. Ndf3 Nf5 13. Nxc6 bxc6 14. Bf4 O-O 15. g4 Bh4 16. Nxh4 Qxh4 17. Rh2 Re8 18. Qa4 Bd7 19. Qa5 Re4 20. Qc7 Be6 21. gxf5 Rxf4 22. fxe6 fxe6 23. Qxc6 Rxf2 24. O-O-O Qc4 25. Qxa8+ Rf8 26. Qxf8+ Kxf8 27. Kb2 e5 28. a3 a5 29. bxa5 Qb5+ 30. Kc1 Qb3 31. Bg2 Qxc3+ 32. Kb1 Qb3+ 33. Kc1 Qxa3+ 34. Kb1 Qb4+ 35. Kc1 Qxc5+ 36. Kb1 Qb5+ 37. Kc1 Qc4+ 38. Kb2 Qxe2+ 39. Kc1 Qc4+ 40. Kb2 e2 41. Ra1 Qd4+ 0-1

[Event "Titled Tuesday 2023.05.02 Early"]
[Site "Chess.com INT"]
[Date "2023.05.02"]
[Round "1"]
[White "Preotu, Razvan"]
[Black "Korol, Dimitry"]
[Result "0-1"]
[WhiteElo "2475"]
[BlackElo "2287"]
[WhiteFideId "-1"]
[WhiteFideId "-1"]
[PlyCount "83"]
[GameId "1910457371090944"]
[EventDate "2023.05.02"]
[EventType "swiss (blitz)"]
[EventRounds "11"]
[EventCountry "NET"]
[SourceTitle "EXT 2024"]
[Source "ChessBase"]
[SourceDate "2023.10.10"]
[SourceVersion "1"]
[SourceVersionDate "2023.10.10"]
[SourceQuality "1"]

1. e4 c5 2. Nf3 d6 3. d4 cxd4 4. Nxd4 Nf6 5. Nc3 g6 6. Be3 Bg7 7. f3 O-O 8. Qd2 Nc6 9. Bc4 Bd7 10. O-O-O Qa5 11. Kb1 Rfc8 12. Bb3 Ne5 13. g4 b5 14. h4 Nc4 15. Bxc4 bxc4 16. Ka1 Rab8 17. Rb1 Rb6 18. Nde2 Ra6 19. Bd4 Rb8 20. h5 Qb4 21. Qe1 e5 22. Be3 Be6 23. hxg6 fxg6 24. Bg5 d5 25. Qh4 Bf7 26. Bxf6 Bxf6 27. Qxh7+ Kf8 28. exd5 e4 29. Qh6+ Bg7 30. Qc1 exf3 31. Nf4 Bxc3 32. bxc3 Qxc3+ 33. Rb2 Rab6 34. Nxg6+ Bxg6 35. Qh6+ Kg8 36. Rhb1 Rxb2 37. Qxg6+ Kf8 38. Qd6+ Kg7 39. Qc7+ Kg6 40. Qd6+ Kg5 41. Qe7+ Kf4 42. Qe6 0-1

[Event "ChessKid Cup Play-In"]
[Site "chess.com INT"]
[Date "2023.05.01"]
[Round "1.39"]
[White "Paravyan, David"]
[Black "Preotu, Razvan"]
[Result "0-1"]
[WhiteElo "2601"]
[BlackElo "2483"]
[WhiteFideId "-1"]
[WhiteFideId "-1"]
[PlyCount "66"]
[GameId "2130307560577308"]
[EventDate "2023.05.01"]
[EventType "swiss (blitz)"]
[EventRounds "9"]
[EventCountry "NET"]
[SourceTitle "The Week in Chess 1487"]
[Source "Mark Crowther"]
[SourceDate "2023.05.08"]
[SourceVersion "1"]
[SourceVersionDate "2023.05.08"]
[SourceQuality "2"]

1. e4 e6 2. d4 d5 3. Nd2 c5 4. Ngf3 cxd4 5. Nxd4 Nf6 6. exd5 Nxd5 7. Bc4 Nf4 8. Ne4 Nxg2+ 9. Kf1 Nh4 10. Bg5 Be7 11. Bxe7 Qxe7 12. Qh5 Ng6 13. Re1 O-O 14. Ng5 h6 15. Ngxe6 fxe6 16. Qxg6 Qh4 17. Bxe6+ Bxe6 18. Qxe6+ Kh8 19. Qe3 Nc6 20. Nxc6 Qc4+ 21. Re2 Qxc6 22. Qe4 Qd7 23. Qd3 Qf7 24. Qb3 Qh5 25. Rg1 Rad8 26. c4 Rf7 27. h3 Rfd7 28. Rg4 Rd3 29. Qxb7 Qxh3+ 30. Qg2 Rd1+ 31. Re1 Qd3+ 32. Kg1 Rxe1+ 33. Kh2 Qd6+ 0-1

[Event "ChessKid Cup Play-In"]
[Site "chess.com INT"]
[Date "2023.05.01"]
[Round "2.19"]
[White "Matlakov, Maxim"]
[Black "Preotu, Razvan"]
[Result "1/2-1/2"]
[WhiteElo "2662"]
[BlackElo "2483"]
[WhiteFideId "-1"]
[WhiteFideId "-1"]
[PlyCount "108"]
[GameId "2130307560577336"]
[EventDate "2023.05.01"]
[EventType "swiss (blitz)"]
[EventRounds "9"]
[EventCountry "NET"]
[SourceTitle "The Week in Chess 1487"]
[Source "Mark Crowther"]
[SourceDate "2023.05.08"]
[SourceVersion "1"]
[SourceVersionDate "2023.05.08"]
[SourceQuality "2"]

1. e4 e6 2. d4 d5 3. Nd2 c5 4. Ngf3 cxd4 5. Nxd4 Nf6 6. e5 Nfd7 7. N2f3 Nc6 8. Bf4 Qb6 9. Rb1 Be7 10. c3 h6 11. h4 Nxd4 12. Nxd4 O-O 13. Qg4 f6 14. Qxe6+ Qxe6 15. Nxe6 Rf7 16. Nc7 fxe5 17. Be3 d4 18. cxd4 exd4 19. Bxd4 Bb4+ 20. Kd1 Nc5 21. Bc4 Bg4+ 22. f3 Rd8 23. Bxf7+ Kxf7 24. fxg4 Rxd4+ 25. Ke2 Rd2+ 26. Ke3 Rd3+ 27. Kf2 Ne4+ 28. Ke2 Rd7 29. Rhf1+ Kg8 30. Rfc1 Bc5 31. Ne6 Bb6 32. Rc4 Rd2+ 33. Kf3 Nd6 34. Rc5 Bxc5 35. Nxc5 b6 36. Nb3 Rc2 37. Nd4 Rd2 38. Nb3 Rc2 39. Rd1 Nc4 40. Rd8+ Kh7 41. Nd4 Rd2 42. b3 Ne5+ 43. Ke3 Rd1 44. Ke2 Ra1 45. Ne6 Rxa2+ 46. Ke3 Nxg4+ 47. Kf3 Nf6 48. g4 Rb2 49. g5 Rxb3+ 50. Kf4 Rb4+ 51. Kf5 Rb5+ 52. Kf4 Rb4+ 53. Kf5 Rb5+ 54. Kf4 Rb4+ 1/2-1/2

[Event "ChessKid Cup Play-In"]
[Site "chess.com INT"]
[Date "2023.05.01"]
[Round "3.20"]
[White "Preotu, Razvan"]
[Black "Antipov, M2."]
[Result "1-0"]
[WhiteElo "2483"]
[BlackElo "2588"]
[WhiteFideId "-1"]
[WhiteFideId "-1"]
[PlyCount "43"]
[GameId "2130307560581474"]
[EventDate "2023.05.01"]
[EventType "swiss (blitz)"]
[EventRounds "9"]
[EventCountry "NET"]
[SourceTitle "The Week in Chess 1487"]
[Source "Mark Crowther"]
[SourceDate "2023.05.08"]
[SourceVersion "1"]
[SourceVersionDate "2023.05.08"]
[SourceQuality "2"]

1. e4 e5 2. Nf3 Nc6 3. Bc4 Bc5 4. c3 Nf6 5. d3 a6 6. O-O Ba7 7. a4 d6 8. Re1 O-O 9. h3 Kh8 10. b4 Ng8 11. d4 exd4 12. cxd4 Nxb4 13. Nc3 f6 14. a5 b5 15. axb6 Bxb6 16. Ba3 a5 17. Bxb4 axb4 18. Rxa8 bxc3 19. Be6 Ne7 20. Qb3 Qe8 21. Qxc3 Qg6 22. Nh4 1-0

[Event "ChessKid Cup Play-In"]
[Site "chess.com INT"]
[Date "2023.05.01"]
[Round "4.10"]
[White "Preotu, Razvan"]
[Black "Kollars, Dmitrij"]
[Result "0-1"]
[WhiteElo "2483"]
[BlackElo "2607"]
[WhiteFideId "-1"]
[WhiteFideId "-1"]
[PlyCount "108"]
[GameId "2130307560581507"]
[EventDate "2023.05.01"]
[EventType "swiss (blitz)"]
[EventRounds "9"]
[EventCountry "NET"]
[SourceTitle "The Week in Chess 1487"]
[Source "Mark Crowther"]
[SourceDate "2023.05.08"]
[SourceVersion "1"]
[SourceVersionDate "2023.05.08"]
[SourceQuality "2"]

1. e4 e5 2. Nf3 Nc6 3. Bc4 Nf6 4. d3 Be7 5. O-O O-O 6. Re1 d6 7. a4 Be6 8. Nbd2 Qd7 9. h3 Rfe8 10. Bb5 a6 11. Bxc6 Qxc6 12. d4 exd4 13. Nxd4 Qd7 14. Nxe6 Qxe6 15. b3 d5 16. e5 Bb4 17. Ba3 Bxa3 18. Rxa3 Ne4 19. Nf3 Qb6 20. Qd4 Qxd4 21. Nxd4 Rxe5 22. c4 Rae8 23. Nf3 R5e7 24. cxd5 Nc3 25. Rxe7 Rxe7 26. b4 Nxd5 27. b5 axb5 28. axb5 f6 29. Rd3 Rd7 30. g3 Kf7 31. h4 Nb6 32. Rc3 Rd1+ 33. Kg2 Nd5 34. Rc5 Ke6 35. Rc4 Kd6 36. h5 g5 37. hxg6 hxg6 38. Nh4 Ne7 39. Rf4 g5 40. Nf5+ Ke5 41. Ne3 gxf4 42. Nxd1 fxg3 43. fxg3 Kd4 44. Kf3 Kc5 45. Nc3 Nd5 46. Nxd5 Kxd5 47. Kf4 c5 48. bxc6 bxc6 49. Kf5 c5 50. Kxf6 c4 51. g4 c3 52. g5 c2 53. g6 c1=Q 54. g7 Qf4+ 0-1

[Event "ChessKid Cup Play-In"]
[Site "chess.com INT"]
[Date "2023.05.01"]
[Round "5.29"]
[White "Erigaisi, Arjun"]
[Black "Preotu, Razvan"]
[Result "0-1"]
[WhiteElo "2701"]
[BlackElo "2483"]
[WhiteFideId "-1"]
[WhiteFideId "-1"]
[PlyCount "98"]
[GameId "2130307560581555"]
[EventDate "2023.05.01"]
[EventType "swiss (blitz)"]
[EventRounds "9"]
[EventCountry "NET"]
[SourceTitle "The Week in Chess 1487"]
[Source "Mark Crowther"]
[SourceDate "2023.05.08"]
[SourceVersion "1"]
[SourceVersionDate "2023.05.08"]
[SourceQuality "2"]

1. d4 d5 2. c4 Nc6 3. Nc3 Nf6 4. Nf3 dxc4 5. e4 Bg4 6. d5 Ne5 7. Bf4 Nfd7 8. Be2 Nxf3+ 9. gxf3 e5 10. Be3 Bh5 11. Rg1 a6 12. Bxc4 Bd6 13. Rg5 Bg6 14. Qd2 b5 15. Be2 Nf6 16. O-O-O h6 17. Rgg1 Nh5 18. Kb1 Qf6 19. Rc1 Nf4 20. Bd1 O-O 21. Ne2 Nh5 22. Ka1 Kh7 23. Rc6 Qh4 24. Ng3 Nf4 25. Bc2 a5 26. Ne2 Qxh2 27. Bxf4 exf4 28. Qe1 Qh5 29. Nd4 Be5 30. Rh1 Qg5 31. Nxb5 a4 32. a3 Rfb8 33. Bd3 Qe7 34. Ka2 f6 35. Qc1 Be8 36. Re6 Qd7 37. Nc3 Bf7 38. Rxe5 fxe5 39. Bc2 c6 40. Ka1 Qa7 41. Rf1 Qc5 42. Bb1 cxd5 43. exd5+ Kg8 44. Qc2 Rb3 45. Qh7+ Kf8 46. Rg1 Rxa3+ 47. Na2 Qxd5 48. Qxg7+ Ke7 49. Qxf7+ Kxf7 0-1

[Event "ChessKid Cup Play-In"]
[Site "chess.com INT"]
[Date "2023.05.01"]
[Round "6.14"]
[White "Nguyen, Ngoc Truong Son"]
[Black "Preotu, Razvan"]
[Result "0-1"]
[WhiteElo "2645"]
[BlackElo "2483"]
[WhiteFideId "-1"]
[WhiteFideId "-1"]
[PlyCount "60"]
[GameId "2130307560585684"]
[EventDate "2023.05.01"]
[EventType "swiss (blitz)"]
[EventRounds "9"]
[EventCountry "NET"]
[SourceTitle "The Week in Chess 1487"]
[Source "Mark Crowther"]
[SourceDate "2023.05.08"]
[SourceVersion "1"]
[SourceVersionDate "2023.05.08"]
[SourceQuality "2"]

1. b3 e5 2. Bb2 Nc6 3. e3 Nf6 4. Bb5 Bd6 5. Na3 Na5 6. Nf3 a6 7. Be2 e4 8. Nd4 g6 9. c4 Qe7 10. Nb1 Be5 11. Nc3 c5 12. Nc2 b5 13. f4 exf3 14. Bxf3 Rb8 15. cxb5 axb5 16. d4 cxd4 17. Nxd4 b4 18. Nd5 Nxd5 19. Bxd5 Ba6 20. Qf3 Rc8 21. Kd2 O-O 22. h4 Nc6 23. Rae1 Qc5 24. Bxc6 dxc6 25. h5 Qd6 26. hxg6 fxg6 27. Qh3 Rf2+ 28. Kc1 Qc5+ 29. Kb1 Rxb2+ 30. Kxb2 Qc3+ 0-1

[Event "ChessKid Cup Play-In"]
[Site "chess.com INT"]
[Date "2023.05.01"]
[Round "7.9"]
[White "Preotu, Razvan"]
[Black "Shevchenko, Kirill"]
[Result "0-1"]
[WhiteElo "2483"]
[BlackElo "2684"]
[WhiteFideId "-1"]
[WhiteFideId "-1"]
[PlyCount "70"]
[GameId "2130307560585714"]
[EventDate "2023.05.01"]
[EventType "swiss (blitz)"]
[EventRounds "9"]
[EventCountry "NET"]
[SourceTitle "The Week in Chess 1487"]
[Source "Mark Crowther"]
[SourceDate "2023.05.08"]
[SourceVersion "1"]
[SourceVersionDate "2023.05.08"]
[SourceQuality "2"]

1. e4 c5 2. Nf3 Nc6 3. Bb5 g6 4. O-O Bg7 5. Re1 e5 6. Bxc6 dxc6 7. d3 Qe7 8. a4 Nf6 9. Nbd2 O-O 10. Nc4 Ne8 11. b3 Nc7 12. Bb2 f6 13. c3 Rd8 14. Qe2 Bg4 15. Rad1 Ne6 16. Bc1 b5 17. Nb2 b4 18. cxb4 Nd4 19. Qe3 Bxf3 20. gxf3 cxb4 21. Nc4 Nc2 22. Qe2 Nxe1 23. Qxe1 Rd7 24. Be3 Rad8 25. Nb2 c5 26. Rc1 Qe6 27. Rc4 Bf8 28. Kg2 f5 29. Qc1 Rf7 30. Bxc5 Bxc5 31. Rxc5 fxe4 32. dxe4 Qxb3 33. f4 Rxf4 34. Qc4+ Qxc4 35. Rxc4 Rd2 0-1

[Event "ChessKid Cup Play-In"]
[Site "chess.com INT"]
[Date "2023.05.01"]
[Round "8.16"]
[White "Iniyan, Panneerseluam"]
[Black "Preotu, Razvan"]
[Result "1-0"]
[WhiteElo "2515"]
[BlackElo "2483"]
[WhiteFideId "-1"]
[WhiteFideId "-1"]
[PlyCount "51"]
[GameId "2130307560589848"]
[EventDate "2023.05.01"]
[EventType "swiss (blitz)"]
[EventRounds "9"]
[EventCountry "NET"]
[SourceTitle "The Week in Chess 1487"]
[Source "Mark Crowther"]
[SourceDate "2023.05.08"]
[SourceVersion "1"]
[SourceVersionDate "2023.05.08"]
[SourceQuality "2"]

1. e4 c5 2. Nf3 d6 3. d4 cxd4 4. Nxd4 Nf6 5. Nc3 a6 6. Rg1 e5 7. Nb3 h5 8. Bg5 Be6 9. Bxf6 Qxf6 10. Nd5 Qd8 11. Qd2 g6 12. Qb4 Bxd5 13. exd5 Qc7 14. Na5 b6 15. Nc4 Nd7 16. a4 Be7 17. Ra3 O-O 18. Rc3 Qb8 19. Be2 Rc8 20. g4 h4 21. g5 Rc5 22. Bg4 Ra7 23. Bxd7 Rxd7 24. Nxb6 Rxc3 25. bxc3 a5 26. Nxd7 1-0

[Event "ChessKid Cup Play-In"]
[Site "chess.com INT"]
[Date "2023.05.01"]
[Round "9.25"]
[White "Preotu, Razvan"]
[Black "Tari, Aryan"]
[Result "0-1"]
[WhiteElo "2483"]
[BlackElo "2640"]
[WhiteFideId "-1"]
[WhiteFideId "-1"]
[PlyCount "83"]
[GameId "2130307560589884"]
[EventDate "2023.05.01"]
[EventType "swiss (blitz)"]
[EventRounds "9"]
[EventCountry "NET"]
[SourceTitle "The Week in Chess 1487"]
[Source "Mark Crowther"]
[SourceDate "2023.05.08"]
[SourceVersion "1"]
[SourceVersionDate "2023.05.08"]
[SourceQuality "2"]

1. e4 e5 2. Nf3 Nc6 3. Bc4 Nf6 4. d3 Bc5 5. c3 d6 6. O-O a5 7. Re1 O-O 8. h3 h6 9. Bb5 Bb6 10. Nbd2 Be6 11. Nf1 Ne7 12. Ng3 Nd7 13. d4 f5 14. Bxd7 Qxd7 15. dxe5 fxe4 16. Rxe4 Bd5 17. Rg4 Bxf3 18. gxf3 Kh8 19. exd6 Nc6 20. Bf4 g5 21. Be3 Bxe3 22. fxe3 Ne5 23. Qd4 Qg7 24. Kg2 cxd6 25. Re4 Rxf3 26. Rf1 Qf6 27. Rxe5 dxe5 28. Rxf3 Qxf3+ 29. Kxf3 exd4 30. cxd4 Rc8 31. d5 Kg7 32. Nh5+ Kf7 33. e4 Rc2 34. e5 Rxb2 35. e6+ Ke7 36. Ng7 Rb4 37. Nf5+ Kf6 38. e7 Kf7 39. Ke3 Rf4 40. Nxh6+ Kxe7 41. Ng4 Ra4 42. Ne5 0-1